00676nam a22002057a 4500003000500000005001700005008004100022010000900063011000900072035000900081040000900090100003000099245011900129260004200248300002200290502008700312650002600399650002100425650002400446CHAP20220329133607.0971013s1992 mx a r 00010 spa d a8326 a9298 a8533 cCHAP00aBaltazar Bernal, Obdulia.10aAcumulación de oxalatos y nitratos durante el desarrollo de Kochia scoparia L. Scrad/por Obdulia Baltazar Bernal aMontecillo, Méx. :bEl autor,c1992 a101 h. :bráfs. aTesis (M.C. Esp. en Fisiología Vegetal) -- C.P. Programa de Fisiología Vegetal14aDiagnóstico foliar.14aKochia scoparia.14aPlantas forrajeras.